[Ларус] Larousse - Фамилна енциклопедия (Запис номер 15091)
[ съкратено ]
| 000 -Лидер | |
|---|---|
| Контролно поле с фиксирана дължина | 02736nam a2200589 c 4500 |
| 003 - Код на организацията, давaща контролен номер | |
| Контролно поле | BLK |
| 005 - Дата и час на последна редакция | |
| Контролно поле | 20180420215022.0 |
| 008 - Елементи от данни с фиксирана дължина | |
| fixed length control field | 180413b bul|||||r ||||||| ||bul|| |
| 010 ## - Наследен системен номер | |
| LC control number | KNG00016839000 |
| 020 ## - Международен стандартен номер на книга ISBN | |
| Международен стандартен номер на книга ISBN | 954-8517-16-7 |
| -- | издат.: ICON |
| 020 ## - Международен стандартен номер на книга ISBN | |
| Международен стандартен номер на книга ISBN | 954-8517-25-6 |
| -- | издат.: ICON - на том(т. 6) |
| 040 ## - Източник на каталожния запис | |
| Идентификатор на билиотеката - собственик на записа | BLK |
| 041 ## - Код за език | |
| Код за езика на текст/звукозапис или на отделно заглавие | Български |
| Код за езика КДБФ | Български |
| 080 ## - УДК | |
| Текстов определител УДК | Общи енциклопедии. Енциклопедични речници. Научни справочници. Отраслови енциклопедии и справочници се класират в съответните отдели с определител за форма |
| УДК код - определител по УДК | 03 |
| УДК определител | |
| УДК - код + определител | 03 |
| 080 ## - УДК | |
| Текстов определител УДК | Изкуство. Художествени занаяти. Фотография. Музика. Развлечения. Игри. Спорт |
| УДК код - определител по УДК | 7 |
| УДК определител | (031) |
| УДК - код + определител | 7(031) |
| 139 ## - Редно поле | |
| Редна дума | [Ларус] Larousse - Фамилна енциклопедия |
| Авторски знак | Лар - Л 25 |
| 245 10 - Сведения за заглавието | |
| Заглавие | [Ларус] Larousse - Фамилна енциклопедия |
| Подзаглавни данни | В 11 т. |
| Редно поле (дума) | прев. от фр. на том Николай Илиев. |
| Том | Т. 6 |
| Заглавие на том | Живопис, архитектура, скулптура |
| 257 ## - Страна на издаване | |
| Страна на създаване/издаване | Франция |
| 260 ## - Област на издателските данни | |
| -- | София |
| Име на издателя, разпространителя и проч. | ICON |
| Година на издаване | 1999 - |
| Печатница | София : Д. Благоев |
| 300 ## - Физическа характеристика | |
| Размери/Мащаб | 24 см |
| 380 ## - Жанр | |
| Жанр | Общ отдел |
| 500 ## - Общи забележки | |
| Забележка | Без сведение за ориг. загл. |
| 650 #4 - Допълнително описание по предмет – тема | |
| Основно описание – тема или топоним | Живопис |
| 9 (RLIN) | 155358 |
| 650 #4 - Допълнително описание по предмет – тема | |
| Основно описание – тема или топоним | Скулптура |
| 9 (RLIN) | 171073 |
| 650 #4 - Допълнително описание по предмет – тема | |
| Основно описание – тема или топоним | Архитектура |
| 9 (RLIN) | 147603 |
| 650 #4 - Допълнително описание по предмет – тема | |
| Основно описание – тема или топоним | Енциклопедии |
| 9 (RLIN) | 154961 |
| 650 #4 - Допълнително описание по предмет – тема | |
| Основно описание – тема или топоним | Изкуство - енциклопедии |
| 9 (RLIN) | 244738 |
| 653 ## - Ключова дума – ненормативна | |
| Ключова дума | изкуство |
| 653 ## - Ключова дума – ненормативна | |
| Ключова дума | живопис |
| 653 ## - Ключова дума – ненормативна | |
| Ключова дума | архитектура |
| 653 ## - Ключова дума – ненормативна | |
| Ключова дума | скулптура |
| 653 ## - Ключова дума – ненормативна | |
| Ключова дума | енциклопедии |
| 653 ## - Ключова дума – ненормативна | |
| Ключова дума | праисторическа живопис |
| 653 ## - Ключова дума – ненормативна | |
| Ключова дума | антично изкуство |
| 653 ## - Ключова дума – ненормативна | |
| Ключова дума | азиатско изкуство |
| 653 ## - Ключова дума – ненормативна | |
| Ключова дума | предколумбово изкуство |
| 653 ## - Ключова дума – ненормативна | |
| Ключова дума | африканско изкуство |
| 653 ## - Ключова дума – ненормативна | |
| Ключова дума | eвропейско изкуство |
| 653 ## - Ключова дума – ненормативна | |
| Ключова дума | средновековно изкуство |
| 653 ## - Ключова дума – ненормативна | |
| Ключова дума | романска архитектура |
| 653 ## - Ключова дума – ненормативна | |
| Ключова дума | изкуство на Двуречието |
| 653 ## - Ключова дума – ненормативна | |
| Ключова дума | готическо изкуство |
| 653 ## - Ключова дума – ненормативна | |
| Ключова дума | Ренесанс |
| 653 ## - Ключова дума – ненормативна | |
| Ключова дума | ХVІІІ-ХХ в. |
| 700 1# - Други автори (авторска отговорност) | |
| Лично име | Илиев, Николай |
| Автороска отговорност (Описва отношението между автора и произведението) | прев. от фр. на том |
| 9 (RLIN) | 259882 |
| 760 1# - Описание на основната серия | |
| -- | - на том(т. 6) |
| Място на издаване, издател и година | ICON, 2001 |
| Страници - том | 240 с. : с цв. ил. |
| Заглавие | Т. 6 Живопис, архитектура, скулптура |
| 852 ## - Местоположение | |
| Форматна сигнатура | ЦБ 202571 |
| 856 4# - Електронен адрес и достъп | |
| Електронен формат | pdf - файл |
| Път до файла /url/ | |
| 856 4# - Електронен адрес и достъп | |
| Електронен формат | pdf - файл |
| Път до файла /url/ | |
| 942 ## - АРТИКУЛИ | |
| Вид на библиотечния материал | Книги |
| Скрит в OPAC | Не |
| 944 ## - СЪЗДАВАНЕ И РЕДАКЦИЯ на ЗАПИСА | |
| Създаване/Редакция | Създаване |
| Дата на регистрацията/редакция | 24.01.2003 |
| Служител, извършил регистрацията/редакцията | Ирена_Линкова |
| 944 ## - СЪЗДАВАНЕ И РЕДАКЦИЯ на ЗАПИСА | |
| Създаване/Редакция | Редакция |
| Дата на регистрацията/редакция | 17.01.2012 |
| Служител, извършил регистрацията/редакцията | |
| 999 ## - СИСТЕМНИ КОНТРОЛНИ НОМЕРА | |
| Koha biblionumber | 15091 |
| Koha biblioitemnumber | 15091 |
| Код за отписване | Код за изгубен артикул | Източник на класификационната схема | Код за повреда | Коз за рестрикции | Код за отдаване | Артикулен № | Име на библиотеката - собственик | Име на библиотеката, в която се намира в момента | Статус (Текущо местоположение) | Дата на вписване в системата | Местоположение - отдел | Цена в лева | Инвентарен номер | Систематично азбучна сигнатура | Баркод | Номер на екземпляра | Цена в евро | Служебна бележка | Служебен тип на артикула |
|---|---|---|---|---|---|---|---|---|---|---|---|---|---|---|---|---|---|---|---|
| Не е изгубен | Universal Decimal Classification | Не е повреден | без рестрикции | ползва се в читалня | 25688 | Регионална библиотека "Любен Каравелов" Русе | Регионална библиотека "Любен Каравелов" Русе | Детски отдел - справочен фонд | 2002-01-07 | Детски отдел - справочен фонд | 25.00 | 668252 | СД 0/Л 25 | 120000668252 | 1 | 12.78 | Дост: Pk Вид: Ф N: 47 Дата: 28.11.2001 Дата инв: 20.11.2017 Бележки инв: СД2017 | Книги | |
| Не е изгубен | Не е повреден | без рестрикции | ползва се в читалня | 25689 | Регионална библиотека "Любен Каравелов" Русе | Регионална библиотека "Любен Каравелов" Русе | Хранилище | 2002-09-27 | Основен фонд - ползва се само за читалня | 25.00 | 120000672419 | Цб 202571 | 120000672419 | 2 | 12.78 | Дост: DA Вид: А N: 38 Дата: 27.09.2002 | Книги | ||
| Не е изгубен | Не е повреден | без рестрикции | ползва се в читалня | 25690 | Регионална библиотека "Любен Каравелов" Русе | Регионална библиотека "Любен Каравелов" Русе | Изкуство - справочен фонд | 2007-08-16 | Изкуство - справочен фонд | 25.00 | 120000716708 | СИ 0/Л 25 | 120000716708 | 3 | 12.78 | Дост: Pk Вид: Ф N: 7450 Дата: 14.08.2007 Дата инв: 15.06.2017 Бележки инв: СИ2017 | Книги |